| 000 | 00785nam a2200253 i 4500 | ||
|---|---|---|---|
| 003 | DO-SdBNP | ||
| 005 | 20260216095352.0 | ||
| 007 | ta | ||
| 008 | 260216b2025 dr ||||| |||| 00| 0 spa d | ||
| 020 | _a9789945409727 | ||
| 040 |
_aDO-SdBNP _bspa _cBNPHU _erda |
||
| 041 | _aspa | ||
| 082 | 4 |
_axxx _bO77L _222 |
|
| 100 |
_aOrtiz, Mercedes, _eautor _4aut. _989019 |
||
| 245 | 1 | 0 |
_aLiteratura poética : _b26 versos o susurros de mi soledad y 3 relatos de la patria mía / _cMercedes Ortiz |
| 264 | 4 |
_aSanto Domingo : _bEscuela de Autores, _c©2025. |
|
| 300 |
_a217 páginas ; _c23 cm. |
||
| 336 |
_atexto _btxt _2rdacontent |
||
| 337 |
_asin mediación _bn _2rdamedia |
||
| 338 |
_avolumen _bnc _2rdacarrier |
||
| 590 | _aInventariado, 2026/BT | ||
| 910 | _aBtavárez | ||
| 942 |
_2ddc _cLBS1 |
||
| 999 |
_c60324 _d60324 |
||